000 00732nam a22002177a 4500
999 _c8711
_d8711
001 8711
003 BD-JhCC
005 20180301133448.0
008 180301b1978 ii ||||| |||| 00| 0 ben d
035 _a(BD-JhCC)8711
040 _aBD-JhCC
_dBD-JhCC
041 _aben
082 _a540
_bCHO 1978
100 _aচৌধুরী, এম এ আধ্যাপক এন
245 _aউচ্চমাধ্যমিক রসায়ন সহায়িকা /
_cআধ্যাপক এন চৌধুরী, এম এ
260 _aকলিকাতা :
_bজয়দুর্গা লাইব্রেরী
_c1978.
300 _a403 p. :
_c22 cm.
650 _aChemistry
942 _2ddc
_cBK